000 01134cam a22003257a 4500
003 CHAP
005 20220329134020.0
008 971013s1963 r 00010 d
010 _a14119
011 _a15091
035 _a19165
040 _cCHAP
090 _aFolleto 4231
100 0 0 _aBeltrán S., Luis Ramiro.
_911470
245 1 4 _aLos títeres van al campo ; aplicación ventajas y limitaciones
260 _a(Turrialba :
_bInstituto Interamericano de Ciencias Agrícolas,
_c1963
300 _a36 p.
_b: ilus.
490 0 _aAyudas audiovisuales para la extensión agrícola
_v; 12
590 _aBATCH-UPD
_b10
_c20130110
_lUCH01
_h0133
590 _aBATCH-UPD
_b10
_c20130110
_lUCH01
_h1916
590 _aBATCH-UPD
_b10
_c20130409
_lUCH01
_h2129
590 _aBATCH-UPD
_b10
_c20130410
_lUCH01
_h1242
590 _aBATCH-UPD
_b10
_c20130914
_lUCH01
_h0506
590 _aCONVERSION
_b10
_c20130109
_lUCH01
_h1309
650 1 4 _aExtensión agrícola.
_939144
830 0 _aAyudas audiovisuales para la extensión agrícola
_v; 12
_99041
901 _aBK
942 _cFOLL
949 _aFolleto 4231
_bBC
_cFOLL
_d-44391
_eTS1
_i19165
_mD
_si
999 _c14119
_d14119